000 01016cam a22003011 4500
001 sa 68010350
003 DLC
005 20260227112551.0
008 790307m19659999ii b 000 0 eng
010 _asa 68010350
035 _a(OCoLC)4721993
040 _aDLC
_cTxU
_dRPB
_dOCoLC
_dDLC
041 0 _aengsan
042 _apremarc
050 0 0 _aDS451
_b.A93
100 1 _aAwasthi, A. B. L.
245 1 0 _aStudies in Skanda Purāṇa,
_cby A. B. L. Awasthi.
250 _a[1st ed.]
260 _aLucknow,
_bKailash Prakashan,
_c1965-
300 _av.
_c25 cm.
500 _aIncludes passages in Sanskrit.
500 _a"Thesis accepted for the Ph. D. degree of the Lucknow University."
504 _aBibliography: v. 1, p. [315]-320.
505 1 _aPt.2. Education, economic life, religion & philosophy.--pt.3. v. 1 Pilgrimage- Kedāra to Narmadā.
651 0 _aIndia
_xHistory
_y324 B.C.-1000 A.D.
_xSources.
630 0 0 _aPuranas
_xCriticism, interpretation, etc.
730 0 _aPuranas.
_pSkandapurāna.
999 _c83377
_d83377